000
00265nam a22001097a 4500
008
160520b xxu||||| |||| 00| 0 eng d
020
_a
0321163370
041
_a
eng
080
_a
003.2
245
_a
Writing arguments:
_c
John D. Ramage; John C. Bean;
942
_2
udc
_c
BK
999
_c
2286
_d
2286